000
00311pab a2200121 454500
008
180718b xxu||||| |||| 00| 0 eng d
100
_a
Sinha S.K.
245
_a
India's bane
362
_a
26 Sep 1994, p.13; 27 Sep 1994, p.13,18
650
_a
Backward Classes -- India
773
_a
Hindustan Times
909
_a
27129
999
_c
27129
_d
27129